Proceedings of the 1965 heat transfer and fluid mechanics institute

में बचाया:
ग्रंथसूची विवरण
स्वरूप: पुस्तक
भाषा:Undetermined
प्रकाशित: California Stanford Univ. Press 1965
विषय:
टैग : टैग जोड़ें
कोई टैग नहीं, इस रिकॉर्ड को टैग करने वाले पहले व्यक्ति बनें!
Thư viện lưu trữ: Trung tâm Học liệu Trường Đại học Cần Thơ
LEADER 00499nam a2200157Ia 4500
001 CTU_26211
008 210402s9999 xx 000 0 und d
082 |a 536.2 
082 |b P963/1965 
245 0 |a Proceedings of the 1965 heat transfer and fluid mechanics institute 
260 |a California 
260 |b Stanford Univ. Press 
260 |c 1965 
650 |a fluid mechanics,heat - transmission,physical science 
904 |i Minh, 981012 
980 |a Trung tâm Học liệu Trường Đại học Cần Thơ